Análisis educativo del texto escolar y la socialización de género (Record no. 62410)

MARC details
000 -CABECERA
campo de control de longitud fija 00649nam a2200205 a 4500
005 - FECHA Y HORA DE LA ÚLTIMA TRANSACCIÓN
campo de control 20210219152850.0
008 - ELEMENTOS DE LONGITUD FIJA--INFORMACIÓN GENERAL
campo de control de longitud fija 991125n 000 0 spa u
035 ## - NÚMERO DE CONTROL DEL SISTEMA
Número de control de sistema UPN01000064057
100 ## - ASIENTO PRINCIPAL--NOMBRE PERSONAL
Nombre de persona Turbay, Catalina
222 ## - TÍTULO CLAVE
Título clave EDUCACION Y CULTURA :
Información calificativa REVISTA DEL CENTRO DE ESTUDIOS DE INVESTIGACION DOCENTES DE LA FEDERACION COLOMBIANA DE EDUCADORES
245 ## - MENCIÓN DE TÍTULO
Título Análisis educativo del texto escolar y la socialización de género
300 ## - DESCRIPCIÓN FÍSICA
Extensión 46-53
362 ## - FECHAS DE PUBLICACIÓN Y/O DESIGNACIÓN SECUENCIAL
Fecha de publicación y/o designación secuencial 1993 31, oct.
653 0# - TERMINO DE INDIZACION - NO CONTROLADO
Término no controlado COLOMBIA
653 0# - TERMINO DE INDIZACION - NO CONTROLADO
Término no controlado INTEGRACION SOCIAL
653 0# - TERMINO DE INDIZACION - NO CONTROLADO
Término no controlado LIBRO DE TEXTO
653 0# - TERMINO DE INDIZACION - NO CONTROLADO
Término no controlado SOCIALIZACION
904 ## - ELEMENTOS DE DATOS D LOCAL, LDD (RLIN)
a AC
b 001868
905 ## - TIPO DE MATERIAL
Tipo de material Articulo

No items available.